| 000 | 00881nam a2200349 a 4500 | ||
|---|---|---|---|
| 003 | AR-BaBNM | ||
| 005 | 20251128203017.0 | ||
| 008 | 082120s2002 ||||||||||||||000 | spa|| | ||
| 040 | _cAR-BaBNM | ||
| 100 | 1 | _aMcNall Burns, Edward | |
| 245 | 0 | 0 |
_aHistoria universal de las civilizaciones _n3 |
| 260 |
_aBuenos Aires _bEl Ateneo _c1966 |
||
| 300 |
_a455 p. _bil., láms., mapas |
||
| 650 | 4 | _aROMANTICISMO | |
| 650 | 4 | _aIDEOLOGIAS | |
| 650 | 4 | _aRELIGION | |
| 650 | 4 | _aHISTORIA EUROPEA | |
| 650 | 4 | _aSOCIEDAD | |
| 650 | 4 | _aCULTURA | |
| 650 | 4 | _aREVOLUCION | |
| 650 | 4 | _aTRABAJO | |
| 650 | 4 | _aINDUSTRIA | |
| 650 | 4 | _aCOMERCIO | |
| 650 | 4 | _aNACIONALISMO | |
| 650 | 4 | _aDEMOCRACIA | |
| 651 | 4 | _aAmérica Latina | |
| 653 | _aREVOLUCION INDUSTRIAL | ||
| 700 | 1 | _alee Ralph, Philip | |
| 700 | 1 |
_aViola Soto, Carlos _etraductor |
|
| 942 | _cBK | ||
| 998 | _cMariana | ||
| 999 |
_c1499 _d1499 |
||